Loading...
| Any History | 10 | 14.00 | 100% | 20% | 20% |
| Current Events | 3 | 13.33 | 100% | 33% | 0% |
| Fine Arts - Classical Music | 7 | 12.86 | 100% | 29% | 0% |
| Fine Arts - Other Fine Arts | 11 | 12.73 | 100% | 27% | 0% |
| Geography | 5 | 10.00 | 60% | 40% | 0% |
| History - American History | 7 | 8.57 | 71% | 14% | 0% |
| History - European History | 6 | 13.33 | 100% | 33% | 0% |
| History - World History | 8 | 16.25 | 100% | 63% | 0% |
| Literature - American Literature | 10 | 17.00 | 100% | 60% | 10% |
| Literature - British Literature | 9 | 18.89 | 100% | 78% | 11% |
| Literature - European Literature | 5 | 12.00 | 100% | 0% | 20% |
| Literature - World Literature | 5 | 20.00 | 100% | 80% | 20% |
| Mythology | 3 | 16.67 | 100% | 33% | 33% |
| Painting & Sculpture | 6 | 10.00 | 83% | 17% | 0% |
| Philosophy | 9 | 14.44 | 100% | 44% | 0% |
| Religion | 8 | 11.25 | 100% | 13% | 0% |
| Science - Biology | 6 | 13.33 | 100% | 33% | 0% |
| Science - Chemistry | 10 | 18.00 | 100% | 70% | 10% |
| Science - Other Science | 9 | 13.33 | 78% | 33% | 22% |
| Science - Physics | 6 | 18.33 | 100% | 67% | 17% |
| Social Science | 9 | 12.22 | 89% | 33% | 0% |